000 01828njm a2200361Ia 4500
001 21026
003 IT-RoPAU
005 20220918181128.0
008 131025s9999 xx 000 0 und d
040 _aIT-RoPAU
040 _cIT-RoPAU
999 _c100329
_d100329
999 _bn.d.
100 _aAA.VV.
_9794
100 _eAutore musica
_94507
100 _gCodice autore musica SPICS: 12000
_9796
245 _aBiennale musica 1982: numero e suono (5)
250 _a1a ed.
260 _aROMA
260 _bSPICS RECORDS
_c1982 [1a Ed.:1982]
300 _aMUSICASSETTA
500 _aMusica strumentale. Strumentismo Utopico. Poemetto per Dieci Flauti. Dalle sale Apollinee del Teatro la Fenice di Venezia
505 _aDue pezzi per violino - Claire per clarinetto - Inside per viola - Superscriptio per ottavino - Traits suspendus per flauto basso - Let me Die Before I Wake per clarinetto
650 _aSTRUMENTALE [CASSETTE]
_eCodice MATERIA SPICS: 9951
_91218
700 _aPetazzi Paolo
_dCodice autore testo SPICS: 11572
_eAutore testo
_94508
700 _aCappelli Gilberto
_dCodice autore musica SPICS: 8433
_eAutore musica
_pDue pezzi per violino
_94509
700 _aDonatoni Franco
_dCodice autore musica SPICS: 7147
_eAutore musica
_pClaire per clarinetto
_94510
700 _aDusapin Pascal
_dCodice autore musica SPICS: 10496
_eAutore musica
_pInside per viola
_94511
700 _aFerneyhough Brian
_dCodice autore musica SPICS: 10892
_eAutore musica
_pSuperscriptio per ottavino
_94512
700 _aMefano Paul
_dCodice autore musica SPICS: 6242
_eAutore musica
_pTraits suspendus per flauto basso
_94513
700 _aSciarrino Salvatore
_dCodice autore musica SPICS: 1416
_eAutore musica
_pLet me Die Before I Wake per clarinetto
_94514
700 _aPetazzi Paolo
_dCodice autore testo SPICS: 11572
_eAutore
_94515
942 _cMC
_2ddc